Administración de pequeñas y medianas empresas /
Contenido: Antecedentes históricos de la empresa; La importancia de la pequeña y mediana empresa; La empresa y su entorno; El empresario mexicano; El proceso de creación de una empresa; La empresa, ¿cómo administrarla?; Las funciones operacionales; La administración en pequeñas empresas comerciales...
Shranjeno v:
| Glavni avtor: | |
|---|---|
| Format: | Knjiga |
| Jezik: | španščina |
| Izdano: |
México :
Thomson,
2002, c2002
|
| Izdaja: | 5a edición |
| Teme: | |
| Oznake: |
Brez oznak, prvi označite!
|
MARC
| LEADER | 00000nam^a2200000^a^4500 | ||
|---|---|---|---|
| 001 | 000151727 | ||
| 005 | 20250521000000.0 | ||
| 009 | 20260310100221.347 | ||
| 020 | |a 970-686-242-0 | ||
| 037 | |a Acervo ITESO - Biblioteca | ||
| 041 | |a ESP | ||
| 082 | |a 658. 022 |b ROD | ||
| 100 | |a Rodríguez Valencia, Joaquín |e (autor) | ||
| 245 | 1 | 0 | |a Administración de pequeñas y medianas empresas / |c J. Rodríguez Valencia. |
| 250 | |a 5a edición | ||
| 264 | 4 | |a México : |b Thomson, |c 2002, c2002 | |
| 300 | |a XI, 340 p. | ||
| 336 | |a texto |b txt |2 rdacontenido | ||
| 337 | |a sin mediación |b n |2 rdamedio | ||
| 338 | |a volumen |b nc |2 rdasoporte | ||
| 520 | |a Contenido: Antecedentes históricos de la empresa; La importancia de la pequeña y mediana empresa; La empresa y su entorno; El empresario mexicano; El proceso de creación de una empresa; La empresa, ¿cómo administrarla?; Las funciones operacionales; La administración en pequeñas empresas comerciales y de servicios y sus perspectivas. | ||
| 649 | |a XX | ||
| 650 | |a Empresarios Mexicanos - |x Condiciones Sociales y Culturales | ||
| 650 | |a Empresarios Mexicanos - |x Condiciones Laborales | ||
| 650 | |a Pequeña Empresa - |z México - |x Administración | ||
| 650 | |a Mediana Empresa - |z México - |x Administración | ||
| 650 | |a Empresas - |z México - |x Administración | ||
| 650 | |a Empresas - |z México - |x Historia | ||
| 650 | |a Desarrollo Económico-Social - |z México - |x Historia | ||
| 650 | |a Planeación Estratégica - |z México | ||
| 650 | |a Planeación Administrativa - |z México | ||
| 650 | |a Proceso Administrativo - |z México - |x Dirección | ||
| 650 | |a Economía - |z México - |x Historia | ||
| 650 | |a Administración | ||
| 650 | |a Ciencias Administrativas | ||
| 910 | |a Fondo General | ||
| 920 | |a Impresos - Libros | ||
| 930 | |a Colección General | ||
| 905 | |a 101 | ||
| 901 | |a 0500081494 |b IT1 |c ACC |u 20250521 | ||
| 901 | |a 0500176336 |b IT1 |c ACC |u 20250521 | ||
| 902 | |a https://opac.biblio.iteso.mx/vufind/Record/000151727 | ||